书目信息 |
| 题名: |
性激素的发现
|
|
| 作者: | 阮芳赋 著 | |
| 分册: | ||
| 出版信息: | 北京 科学出版社 1979 |
|
| 页数: | 159页 | |
| 开本: | 19cm | |
| 丛书名: | ||
| 单 册: | ||
| 中图分类: | Q579.1 | |
| 科图分类: | ||
| 主题词: | 性激素--基本知识 | |
| 电子资源: | ||
| ISBN: | 13031.1025 | |
| 000 | 00608nam0 2200229 450 | |
| 001 | 0179002467 | |
| 005 | 20100712215532.0 | |
| 010 | @a13031.1025@dCNY0.44 | |
| 091 | @a13031.1025 | |
| 100 | @a19950727d1979 em y0chiy0110 ea | |
| 101 | 0 | @achi |
| 102 | @aCN@b110000 | |
| 105 | @ay z 000yy | |
| 106 | @ar | |
| 200 | 1 | @a性激素的发现@9Xing Ji Su De;Di Fa Xian @f阮芳赋编著 |
| 210 | @a北京@c科学出版社@d1979 | |
| 215 | @a159页@d19cm | |
| 606 | 0 | @a性激素@x基本知识 |
| 690 | @aQ579.1@v3 | |
| 701 | 0 | @c(美)@a阮芳赋@9ruan fang fu@4著 |
| 801 | 0 | @aCN@bAzMarc@c20130904 |
| 905 | @aBZT@dQ579@e1@f14@sQ579/1 | |
| 性激素的发现/阮芳赋编著.-北京:科学出版社,1979 |
| 159页;19cm |
| ISBN 13031.1025:CNY0.44 |
| ● |
| 相关链接 |
|
|
|
正题名:性激素的发现
索取号:Q579/1
 
预约/预借
| 序号 | 登录号 | 条形码 | 馆藏地/架位号 | 状态 | 备注 |
| 1 | 2000085538 | 2000085538 | 旧书回溯/ [索取号:Q579/1] | 在馆 | |
| 2 | 2000085539 | 2000085539 | 旧书回溯/ [索取号:Q579/1] | 在馆 | |
| 3 | 2000085540 | 2000085540 | 旧书回溯/ [索取号:Q579/1] | 在馆 | |
| 4 | 2000085541 | 2000085541 | 旧书回溯/ [索取号:Q579/1] | 在馆 | |
| 5 | 2000085542 | 2000085542 | 旧书回溯/ [索取号:Q579/1] | 在馆 | |
| 6 | 2000085543 | 2000085543 | 旧书回溯/ [索取号:Q579/1] | 在馆 | |
| 7 | 2000085544 | 2000085544 | 旧书回溯/ [索取号:Q579/1] | 在馆 | |
| 8 | 2000085545 | 2000085545 | 旧书回溯/ [索取号:Q579/1] | 在馆 | |
| 9 | 2000085546 | 2000085546 | 旧书回溯/ [索取号:Q579/1] | 在馆 | |
| 10 | 2000089161 | 2000089161 | 旧书回溯/ [索取号:Q579/1] | 在馆 | |
| 11 | 2000139464 | 2000139464 | 旧书回溯/ [索取号:Q579/1] | 在馆 | |
| 12 | 2000139465 | 2000139465 | 旧书回溯/ [索取号:Q579/1] | 在馆 | |
| 13 | 2000139466 | 2000139466 | 旧书回溯/ [索取号:Q579/1] | 在馆 | |
| 14 | 2000139467 | 2000139467 | 旧书回溯/ [索取号:Q579/1] | 在馆 |